<?xml version="1.0" encoding="UTF-8"?>
<collection xmlns="http://www.loc.gov/MARC21/slim">
 <record>
  <leader>03111nas a22004331  4500</leader>
  <controlfield tag="001">1/50378</controlfield>
  <controlfield tag="008">031024c19999999azuqr1p           a0eng d</controlfield>
  <datafield tag="022" ind1=" " ind2=" ">
   <subfield code="a">1523-2409</subfield>
  </datafield>
  <datafield tag="035" ind1=" " ind2=" ">
   <subfield code="l">24425</subfield>
  </datafield>
  <datafield tag="040" ind1=" " ind2=" ">
   <subfield code="a">DLC</subfield>
   <subfield code="b">GR-PeUP</subfield>
  </datafield>
  <datafield tag="090" ind1=" " ind2=" ">
   <subfield code="a">Αλφαβητική σειρά</subfield>
  </datafield>
  <datafield tag="245" ind1="0" ind2="4">
   <subfield code="a">The journal of supply chain management</subfield>
  </datafield>
  <datafield tag="260" ind1=" " ind2=" ">
   <subfield code="a">Tempe, Ariz. :</subfield>
   <subfield code="b">National Association of Purchasing Management,</subfield>
   <subfield code="c">1999-</subfield>
  </datafield>
  <datafield tag="300" ind1=" " ind2=" ">
   <subfield code="a">v. :</subfield>
   <subfield code="b">ill. ;</subfield>
   <subfield code="c">28 cm.</subfield>
  </datafield>
  <datafield tag="310" ind1=" " ind2=" ">
   <subfield code="a">Quarterly</subfield>
  </datafield>
  <datafield tag="362" ind1="0" ind2=" ">
   <subfield code="a">Vol.39, no.1(winter 2003)-</subfield>
  </datafield>
  <datafield tag="546" ind1=" " ind2=" ">
   <subfield code="a">English</subfield>
  </datafield>
  <datafield tag="535" ind1="0" ind2=" ">
   <subfield code="a">Κλειστό Βιβλιοστάσιο.</subfield>
  </datafield>
  <datafield tag="650" ind1=" " ind2="4">
   <subfield code="a">Purchasing</subfield>
   <subfield code="v">Periodicals.</subfield>
  </datafield>
  <datafield tag="650" ind1=" " ind2="4">
   <subfield code="a">Materials management</subfield>
   <subfield code="v">Periodicals.</subfield>
  </datafield>
  <datafield tag="650" ind1=" " ind2="4">
   <subfield code="a">Industrial procurement</subfield>
   <subfield code="v">Periodicals.</subfield>
  </datafield>
  <datafield tag="710" ind1="2" ind2=" ">
   <subfield code="a">National Association of Purchasing Management.</subfield>
  </datafield>
  <datafield tag="852" ind1=" " ind2=" ">
   <subfield code="a">INST</subfield>
   <subfield code="b">UNIPILB</subfield>
   <subfield code="c">SERIALS</subfield>
   <subfield code="e">20041201</subfield>
   <subfield code="h">Αλφαβητική σειρά</subfield>
   <subfield code="p">38102</subfield>
   <subfield code="q">38102</subfield>
   <subfield code="t">NOLOAN</subfield>
   <subfield code="v">vol.39;no.1:(Εποχή)Winter;(Έτος)2003</subfield>
   <subfield code="y">23</subfield>
  </datafield>
  <datafield tag="852" ind1=" " ind2=" ">
   <subfield code="a">INST</subfield>
   <subfield code="b">UNIPILB</subfield>
   <subfield code="c">SERIALS</subfield>
   <subfield code="e">20041201</subfield>
   <subfield code="h">Αλφαβητική σειρά</subfield>
   <subfield code="p">38103</subfield>
   <subfield code="q">38103</subfield>
   <subfield code="t">NOLOAN</subfield>
   <subfield code="v">vol.39;no.2:(Εποχή)Spring;(Έτος)2003</subfield>
   <subfield code="y">23</subfield>
  </datafield>
  <datafield tag="852" ind1=" " ind2=" ">
   <subfield code="a">INST</subfield>
   <subfield code="b">UNIPILB</subfield>
   <subfield code="c">SERIALS</subfield>
   <subfield code="e">20041201</subfield>
   <subfield code="h">Αλφαβητική σειρά</subfield>
   <subfield code="p">38104</subfield>
   <subfield code="q">38104</subfield>
   <subfield code="t">NOLOAN</subfield>
   <subfield code="v">vol.39;no.3:(Εποχή)Summer;(Έτος)2003</subfield>
   <subfield code="y">23</subfield>
  </datafield>
  <datafield tag="852" ind1=" " ind2=" ">
   <subfield code="a">INST</subfield>
   <subfield code="b">UNIPILB</subfield>
   <subfield code="c">SERIALS</subfield>
   <subfield code="e">20041201</subfield>
   <subfield code="h">Αλφαβητική σειρά</subfield>
   <subfield code="p">38105</subfield>
   <subfield code="q">38105</subfield>
   <subfield code="t">NOLOAN</subfield>
   <subfield code="v">vol.39;no.4:(Εποχή)Fall;(Έτος)2003</subfield>
   <subfield code="y">23</subfield>
  </datafield>
  <datafield tag="852" ind1=" " ind2=" ">
   <subfield code="a">INST</subfield>
   <subfield code="b">UNIPILB</subfield>
   <subfield code="c">SERIALS</subfield>
   <subfield code="e">20050118</subfield>
   <subfield code="h">Αλφαβητική σειρά</subfield>
   <subfield code="p">38934</subfield>
   <subfield code="q">38934</subfield>
   <subfield code="t">NOLOAN</subfield>
   <subfield code="v">vol.40;no.1:(Εποχή)Winter;(Έτος)2004</subfield>
   <subfield code="y">23</subfield>
  </datafield>
  <datafield tag="852" ind1=" " ind2=" ">
   <subfield code="a">INST</subfield>
   <subfield code="b">UNIPILB</subfield>
   <subfield code="c">SERIALS</subfield>
   <subfield code="e">20050118</subfield>
   <subfield code="h">Αλφαβητική σειρά</subfield>
   <subfield code="p">38935</subfield>
   <subfield code="q">38935</subfield>
   <subfield code="t">NOLOAN</subfield>
   <subfield code="v">vol.40;no.2:(Εποχή)Spring;(Έτος)2004</subfield>
   <subfield code="y">23</subfield>
  </datafield>
  <datafield tag="852" ind1=" " ind2=" ">
   <subfield code="a">INST</subfield>
   <subfield code="b">UNIPILB</subfield>
   <subfield code="c">SERIALS</subfield>
   <subfield code="e">20050118</subfield>
   <subfield code="h">Αλφαβητική σειρά</subfield>
   <subfield code="p">38936</subfield>
   <subfield code="q">38936</subfield>
   <subfield code="t">NOLOAN</subfield>
   <subfield code="v">vol.40;no.3:(Εποχή)Summer;(Έτος)2004</subfield>
   <subfield code="y">23</subfield>
  </datafield>
  <datafield tag="852" ind1=" " ind2=" ">
   <subfield code="a">INST</subfield>
   <subfield code="b">UNIPILB</subfield>
   <subfield code="c">SERIALS</subfield>
   <subfield code="e">20050125</subfield>
   <subfield code="h">Αλφαβητική σειρά</subfield>
   <subfield code="p">39259</subfield>
   <subfield code="q">39259</subfield>
   <subfield code="t">NOLOAN</subfield>
   <subfield code="v">vol.40;no.4:(Εποχή)Fall;(Έτος)2004</subfield>
   <subfield code="y">23</subfield>
  </datafield>
  <datafield tag="852" ind1=" " ind2=" ">
   <subfield code="a">INST</subfield>
   <subfield code="b">UNIPILB</subfield>
   <subfield code="c">SERIALS</subfield>
   <subfield code="e">20050418</subfield>
   <subfield code="h">Αλφαβητική σειρά</subfield>
   <subfield code="p">42572</subfield>
   <subfield code="q">42572</subfield>
   <subfield code="t">NOLOAN</subfield>
   <subfield code="v">vol.41;no.1:(Εποχή)Winter;(Έτος)2005</subfield>
   <subfield code="y">23</subfield>
  </datafield>
  <datafield tag="852" ind1=" " ind2=" ">
   <subfield code="a">INST</subfield>
   <subfield code="b">UNIPILB</subfield>
   <subfield code="c">SERIALS</subfield>
   <subfield code="e">20051216</subfield>
   <subfield code="h">Αλφαβητική σειρά</subfield>
   <subfield code="p">49155</subfield>
   <subfield code="q">49155</subfield>
   <subfield code="t">NOLOAN</subfield>
   <subfield code="v">vol.41;no.2:(Εποχή)Spring;(Έτος)2005</subfield>
   <subfield code="y">23</subfield>
  </datafield>
  <datafield tag="852" ind1=" " ind2=" ">
   <subfield code="a">INST</subfield>
   <subfield code="b">UNIPILB</subfield>
   <subfield code="c">SERIALS</subfield>
   <subfield code="e">20051216</subfield>
   <subfield code="h">Αλφαβητική σειρά</subfield>
   <subfield code="p">49156</subfield>
   <subfield code="q">49156</subfield>
   <subfield code="t">NOLOAN</subfield>
   <subfield code="v">vol.41;no.3:(Εποχή)Summer;(Έτος)2005</subfield>
   <subfield code="y">23</subfield>
  </datafield>
  <datafield tag="852" ind1=" " ind2=" ">
   <subfield code="a">INST</subfield>
   <subfield code="b">UNIPILB</subfield>
   <subfield code="c">SERIALS</subfield>
   <subfield code="e">20051216</subfield>
   <subfield code="h">Αλφαβητική σειρά</subfield>
   <subfield code="p">49157</subfield>
   <subfield code="q">49157</subfield>
   <subfield code="t">NOLOAN</subfield>
   <subfield code="v">vol.41;no.4:(Εποχή)Fall;(Έτος)2005</subfield>
   <subfield code="y">23</subfield>
  </datafield>
  <datafield tag="856" ind1="7" ind2="1">
   <subfield code="u">http://onlinelibrary.wiley.com/doi/10.1111/jscm.2015.51.issue-3/issuetoc</subfield>
  </datafield>
  <datafield tag="900" ind1=" " ind2=" ">
   <subfield code="a">Vol. 42 no. 1 (Winter 2006)</subfield>
   <subfield code="b">Οφειλόμενο</subfield>
   <subfield code="c">09/04/2007</subfield>
  </datafield>
  <datafield tag="950" ind1=" " ind2=" ">
   <subfield code="a">01/01/2003</subfield>
   <subfield code="c">ANACO Κ. ΑΝΑΓΝΩΣΤΟΥ Ε.Π.Ε., ΜΗΧΑΝΗΜΑΤΑ ΚΑΙ ΣΥΣΤΗΜΑΤΑ ΟΡΓΑΝΩΣΗΣ ΓΡΑΦΕΙΟΥ</subfield>
   <subfield code="d">112</subfield>
  </datafield>
  <datafield tag="951" ind1=" " ind2=" ">
   <subfield code="a">Vol. 41 no. 1 (Winter 2005) - Vol. 41 no. 4 (Fall 2005)</subfield>
   <subfield code="b">Main run</subfield>
  </datafield>
  <datafield tag="951" ind1=" " ind2=" ">
   <subfield code="a">Vol. 39 no. 1 (Winter 2003) - Vol. 40 no. 4 (Fall 2004)</subfield>
   <subfield code="b">Main run</subfield>
  </datafield>
 </record>
</collection>
